| 000 | 00561nam a22001937a 4500 | ||
|---|---|---|---|
| 999 |
_c10290 _d10290 |
||
| 003 | AR-CdUCM | ||
| 008 | 190320b ||||| |||| 00| 0 spa d | ||
| 040 |
_aMUNICIPALIDAD PROVINCIAL DEL CUSCO _cBIBLIOTECA MUNICIPAL DEL CUSCO |
||
| 082 |
_aES / 800 / _bV24 |
||
| 100 |
_aValmiki _920989 |
||
| 245 | _aEl ramayana / | ||
| 260 |
_aBarcelona : _bMateu, _c1958. |
||
| 300 |
_a238 páginas ; _c19 cm. |
||
| 440 |
_aClásicos cadete _926813 |
||
| 650 |
_aPoesías épicas indias _920991 |
||
| 650 |
_aObras literarias. _9403 |
||
| 942 |
_2ddc _cLIBROS |
||
| 945 | _awfj | ||